[Event "MEX-ch op 52nd "]
[Site "Mexico City"]
[Date "2006.04.14"]
[Round "5"]
[White "Hernandez Guerrero, Gilberto Eduardo"]
[Black "Rodriguez Quintana, David"]
[Result "1-0"]
[WhiteElo "2530"]
[BlackElo "2292"]
[PlyCount "69"]
[EventDate "2006.04.11"]
[EventType "swiss"]
[EventRounds "9"]
[EventCountry "MEX"]
[SourceTitle "EXT 2007"]
[Source "ChessBase"]
[SourceDate "2006.11.23"]
[SourceVersion "1"]
[SourceVersionDate "2006.11.23"]
[SourceQuality "1"]

1. e4 c5 2. Nc3 Nc6 3. Bb5 d6 4. Bxc6+ bxc6 5. f4 d5 6. Nf3 e6 7. d3 Nf6 8. e5 d4 9. Na4 Nd5 10. 0-0 Qa5 11. b3 Be7 12. Bd2 Qc7 13. Qe2 Bd7 14. Ng5 Nb6 15. Nb2 h6 16. Ne4 0-0-0 17. a4 f5 18. exf6 gxf6 19. a5 Nd5 20. Na4 Bd6 21. Qf3 f5 22. Nxd6+ Qxd6 23. Qe2 Rdg8 24. Rae1 Rg7 25. Qe5 Qe7 26. c4 Rhg8 27. Re2 Nf6 28. Nxc5 Ng4 29. Qxd4 Qh4 30. h3 Nf6 31. Rf3 Nh5 32. Nxd7 Rxd7 33. Qc5 Rc7 34. Rxe6 Ng3 35. Rxc6 1-0

[Event "Olympiad U18"]
[Site "Atlacomulco"]
[Date "2001.??.??"]
[Round "3"]
[White "Canales Inocencio, Ruben"]
[Black "Rodriguez Quintana, David"]
[Result "1-0"]
[WhiteElo "2185"]
[BlackElo "1660"]
[PlyCount "75"]
[EventDate "2001.05.29"]
[EventType "swiss"]
[EventRounds "5"]
[EventCountry "MEX"]
[SourceTitle "EXT 2002"]
[Source "ChessBase"]
[SourceDate "2001.11.25"]
[SourceVersion "1"]
[SourceVersionDate "2001.11.25"]
[SourceQuality "1"]

1. d4 f5 2. g3 e6 3. Bg2 d5 4. Nh3 Nf6 5. 0-0 c5 6. c3 Nc6 7. Bg5 h6 8. Bxf6 Qxf6 9. e3 Bd7 10. Nf4 g5 11. Nd3 c4 12. Nc5 Bxc5 13. dxc5 Qe7 14. b4 cxb3 15. axb3 Qxc5 16. c4 dxc4 17. bxc4 h5 18. Qb3 h4 19. Rd1 Rb8 20. Qc3 Rh7 21. Na3 hxg3 22. hxg3 a6 23. Qf6 Qe7 24. Qc3 Nd8 25. c5 Bc6 26. Nc4 f4 27. Nd6+ Kf8 28. exf4 gxf4 29. Qe5 Bxg2 30. Qxf4+ Kg8 31. Kxg2 Nc6 32. Rh1 e5 33. Qc4+ Kf8 34. Rxh7 Qxh7 35. Rh1 Qg6 36. Rh6 Qg7 37. Qe6 Qe7 38. Rh8+ 1-0

[Event "MEX ol U16"]
[Site "Mexico City"]
[Date "2001.??.??"]
[Round "?"]
[White "Rodriguez Quintana, David"]
[Black "Ferriz Barrios, Andres"]
[Result "1/2-1/2"]
[WhiteElo "1660"]
[BlackElo "2059"]
[PlyCount "69"]
[EventDate "2001.??.??"]
[EventType "swiss"]
[EventRounds "6"]
[EventCountry "MEX"]
[SourceTitle "EXT 2004"]
[Source "ChessBase"]
[SourceDate "2003.11.25"]
[SourceVersion "1"]
[SourceVersionDate "2003.11.25"]
[SourceQuality "1"]

1. e4 c5 2. f4 d6 3. Nf3 g6 4. c3 Nf6 5. e5 dxe5 6. fxe5 Nd5 7. d4 cxd4 8. cxd4 Bg7 9. Nc3 0-0 10. Bc4 Nxc3 11. bxc3 Qc7 12. Qb3 Nc6 13. Bd3 Be6 14. Qd1 Na5 15. Bd2 Nc4 16. Rb1 Rac8 17. 0-0 Bd5 18. Bxc4 Bxc4 19. Rf2 Bxa2 20. Ra1 Bc4 21. Rxa7 Ba6 22. Qb3 Qb8 23. Rxa6 bxa6 24. Qa2 Rc6 25. Ng5 e6 26. h4 Rb6 27. h5 h6 28. Ne4 Qb7 29. Qc2 Rb1+ 30. Kh2 Qb3 31. Qd3 Qd1 32. Rf3 Qh1+ 33. Kg3 Rg1 34. Rf2 Qxh5 35. Qxa6 1/2-1/2